Southville International School and Colleges
Your cart is empty.
  • Cart
  • Lists
    Public lists Eva Luna New books Lux_list list_1
    Your lists Log in to create your own lists
  • Log in to your account
  • Your cookies
  • Search history
Southville International School and Colleges
  • Advanced search
  • Recent comments
  • Most popular
  • Libraries

Log in to your account

Log in with GOOGLE


If you do not have an external account, but do have a local account, you can still log in:

  1. Home
  2. MARC view: Impact of information society research in the Global South /
Normal view MARC view ISBD view

Impact of information society research in the Global South / (Record no. 290612)

[ view plain ]
MARC details
000 -LEADER
fixed length control field 00444nam a2200145Ia 4500
008 - FIXED-LENGTH DATA ELEMENTS--GENERAL INFORMATION
fixed length control field 160216s9999 xx 000 0 und d
100 ## - MAIN ENTRY--PERSONAL NAME
Personal name Chib, A.
245 ## - TITLE STATEMENT
Title Impact of information society research in the Global South /
245 ## - TITLE STATEMENT
Statement of responsibility, etc A. Chib, J. May & R. Barrantes.
260 ## - PUBLICATION, DISTRIBUTION, ETC. (IMPRINT)
Name of publisher, distributor, etc Springer Link
260 ## - PUBLICATION, DISTRIBUTION, ETC. (IMPRINT)
Date of publication, distribution, etc 2015
650 ## - SUBJECT ADDED ENTRY--TOPICAL TERM
General subdivision Communication - Information.
650 ## - SUBJECT ADDED ENTRY--TOPICAL TERM
General subdivision Research.
856 ## - ELECTRONIC LOCATION AND ACCESS
Uniform Resource Identifier <a href="http://www.springer.com/us/book/9789812873804">http://www.springer.com/us/book/9789812873804</a>
Holdings
Withdrawn status Lost status Damaged status Home library Current library Date acquired Total Checkouts Date last seen Price effective from Koha item type
      College Library College Library 02/16/2016   02/16/2016 02/16/2016 Curriculum - Based eBooks

Impact of information society research in the Global South /

APA

Chib A., .Impact of information society research in the Global South. : Springer Link.

Chicago

Chib A, .Impact of information society research in the Global South. : Springer Link.

Harvard

Chib A., .Impact of information society research in the Global South. : Springer Link.

MLA

Chib A, .: Springer Link. .

  • Place hold
  • Print
  • Cite
  • Add to your cart (remove)
  • Save record
    BIBTEX Dublin Core MARCXML MARC (non-Unicode/MARC-8) MARC (Unicode/UTF-8) MARC (Unicode/UTF-8, Standard) MODS (XML) RIS
  • More searches
    Search for this title in:
    Other Libraries (WorldCat) Other Databases (Google Scholar) Online Stores (Bookfinder.com) Open Library (openlibrary.org)

Exporting to Dublin Core...

SOUTHVILLE LIBRARY

Southville International School and Colleges Library

1281 Tropical Ave. Cor. Luxembourg St., BF Homes International, Las Pinas City

Tel. No. 8256374 / 252358 Loc. 117/146

Powered by Koha